000 01017nam a22001937a 4500
999 _c59735
_d59735
003 Ge_BSU
005 20230407164244.0
008 230407s1960 ge ||||| |||| 00| 0 geo d
041 _ageo
080 _a930.2:003.071(=353.1)(569.4) წ-39
100 _aწერეთელი, გ.
_917558
245 _aუძველესი ქართული წარწერები პალესტინიდან /
_cგ. წერეთელი ; საქ. სსრ მეცნ. აკად., აღმოსავლეთმცოდნ. ინ-ტი.
264 _aთბილისი :
_bსაქ. სსრ მეცნ. აკად. გამ-ბა,
_c1960.
300 _a94 გვ. :
_b1 ფ. ტაბულ. ;
_c25 სმ.
504 _a ბიბლიოგრ. შენიშვნებში.
520 _aდამატ. თავფ. და რეზ. რუს. და ინგლ. ენ.
653 _aქართული წარწერები
942 _2udc
_cBK